Responses for Show #96 - Monday, January 21, 1985

Paul Boymel game 2.
Missing challenger introductions.

Contestants

[<< previous game]

Susan Hogue, a financial editor from

Arthur Frank, a painter originally from New York City

Paul Boymel, an attorney from Potomac, Maryland (whose 1-day cash winnings total $11,000)

[next game >>]

Jeopardy! Round responses

WILD WEST
RELIGION
TRIVIA
POP MUSIC
NATURE
"MOORE" OR "LES"
    $100 10
a chuck wagon

Paul
    $100 9
Billy Graham

Paul
    $100 6
pudding & pie

Paul
    $100 21
(Paul: Who are The Jacksons?)

Air Supply

Paul
Triple Stumper
    $100 5
(Susan: What are cocoons?)
(Paul: What are pupa?)

caterpillars

PaulSusan
Triple Stumper
    $100 19
Les Brown

Art
    $200 15
(Art: What are banks?)
(Paul: What are trains?)

stagecoaches

PaulArt
Triple Stumper
    $200 22
Yom Kippur

Paul
    $200 8
imploding

Susan
    $200 4
(Paul: What is deciduous?)

succulents

PaulSusan
    $200 18
(Alex: We have less than a minute to go in this round.)

Mary Tyler Moore

Paul
    $300 14
a tepee (house, home)

Paul
    $300 23
(Paul: What is the Latter-day Saints?)
...
[The end-of-round signal sounds.]

the Society of Friends

PaulSusan
    $300 7
pluck (the strings)

Susan
    $900 11
(Alex: Come on, Paul, get down and boogie, get funky.)
[Paul dances.]
(Alex: Got a question for me?)
(Paul: I don't have the slightest idea.)
...
(Alex: Originally it was part of the five-finger exercise.)

(Johann Sebastian) Bach

Paul
    $300 1
(Susan: What is the sense of smell?)

the sense of hearing

Susan
Triple Stumper
    $300 16
Roger Moore

Paul
    $400 13
(John James) Audubon

Paul
    $400 2
rainforests

Paul
    $400 17
(Alex: Yes, light-heavy champ '52-'61.)

Archie Moore

Paul
    $500 12
the Klondike

Paul
    $500 3
(Susan: Uh, I don't know.)

bighorn

PaulSusan
    $500 20
Lester Flatt

Paul

Scores at the first commercial break (after clue 10):

Paul Art Susan
$900 $0 -$200

Scores at the end of the Jeopardy! Round:

Paul Art Susan
$2,200 -$100 $100

Double Jeopardy! Round responses

THE MIDDLE EAST
NOTORIOUS
PLASTICS
THE ALPHABET
PRESIDENTS
STARS WITH "A"
    $200 20
Terrible

Paul
    $200 13
(Susan: What is I?)

E

ArtSusan
    $200 5
John Kennedy

Paul
    $200 7
aisles

Susan
    $400 15
(Paul: What is "Hava Nagila"?)

"Exodus"

PaulArt
    $400 19
(Paul: What are murderers?)

pirates (buccaneers)

Paul
Triple Stumper
    $400 21
(Paul: What is cherise?)

polyester

Paul
Triple Stumper
    $400 12
X

Paul
    $400 4
Richard Nixon

Paul
    $400 8
across

Paul
    $600 1
the (Whirling) Dervishes

Paul
    $600 18
Eichmann

Paul
    $2,000 11
W

Paul
    $600 3
(Susan: I don't know.)

Andrew Johnson

PaulSusan
    $600 9
abstain

Susan
    $800 14
Egypt

Susan
    $2,000 22
(Alex: [Prior to the wager] We've got less than a minute to go in the round.)

"Squeaky" Fromme (or Sara Jane Moore)

Paul
    $800 23
V

Paul
    $800 2
Teddy Roosevelt

Paul
    $800 10
apex

Paul
    $1000 16
(Art: [*], what is [*]?)

Yemen

Art
    $1000 24
(Paul: Who is Richard?)
(Alex: Be more specific.)
(Paul: The Second?)

Richard III

PaulSusan
    $1000 25
(Art: What is Formica?)
...
[The end-of-round signal sounds.]

celluloid

Art
Triple Stumper
    $1000 17
zeta

Paul
    $1000 6
(Paul: What is New York?)

Las Vegas

Paul
Triple Stumper

Scores at the end of the Double Jeopardy! Round:

Paul Art Susan
$9,800 $500 $1,900
(lock game)

[wagering suggestions for these scores]

Final Jeopardy! Round responses

HISTORY
ArtWhat is Great Britain
$500
SusanWhat is France?
$1,899
PaulWhat is England?
$4,200
Great Britain (England)

Final scores:

Paul Art Susan
$14,000 $1,000 $1
2-day champion: $25,000 2nd place: Action Lane recliner & Yamaha PS-300 PortaSound keyboard 3rd place: Botany 500 suit & sportscoat

Game dynamics:

Coryat scores:

Paul Art Susan
$8,100 $500 $1,900
27 R
(including 2 DDs),
11 W
(including 1 DD)
4 R,
2 W
8 R,
5 W

Combined Coryat: $10,500

[game clues] [game scores] [suggest correction]

Game tape date: 1984-10-17
The J! Archive is created by fans, for fans. Scraping, republication, monetization, and malicious use prohibited; this site may use cookies and collect identifying information. See terms. The Jeopardy! game show and all elements thereof, including but not limited to copyright and trademark thereto, are the property of Jeopardy Productions, Inc. and are protected under law. This website is not affiliated with, sponsored by, or operated by Jeopardy Productions, Inc. Join the discussion at JBoard.tv.